Korn Lyrics Quiz II - Statistics

General Stats
  • This quiz has been taken 40 times
  • The average score is 15 of 50
Answer Stats
Lyric Song % Correct
And I, I do not dare deny, The basic beast inside, It's right here, it's controlling my mind Evolution
74%
Inside lying deep, the father of hate, The endless nightmare I can never escape Cold
65%
Feel me, kill me, my back's up against the wall, Your magic spell doesn't work anymore A Different World
53%
Feeling complacent I cannot be contained, I'm so lost and lonely now! Love & Meth
50%
I think I owe you an apology, Somehow you bring the violence out in me Prey For Me
50%
Higher than the highest goes, Darker than the blackest hole Gravity of Discomfort
47%
The suffering is fading, I scream into the sky, Repulsion invades me, I say goodbye Rotting In Vain
47%
I wasted time to let it get to me, An angry mouth with a broken heart The Hating
47%
Why are we going on this way? Why do we play these games in vain? Black Is the Soul
44%
Calling me, I feel it coursing through the inside Worst Is On Its Way
44%
It talks to me, it holds my hand, It showers me with things I can't understand Can You Hear Me
41%
They are in my head now, Exposed, they tear my joy out H@rd3r
41%
Had a hell of a time, I'm suffering, God my life was a mess Let The Dark Do The Rest
41%
I tell you one thing which leads to another thing, Then I backtrack which leads to hurt feelings Let the Guilt Go
41%
We rip upon the flesh and lift to see, And looking on all the faces along the way Die Yet Another Night
38%
What do I have to do? Why can't this hurt be through? Kiss
38%
Times are looking grim these days, Holding on to everything, It's hard to draw the line Get Up!
35%
You've chose to walk a thin line, Replaced the hurt without healing mine Idiosyncrasy
35%
How many times a day must I die? Nothing's gonna work today I'm killing time It's All Wrong
32%
One, I love hurting you, Two, I love your pain, Three, let's get together and play the sinner's game Lullaby for a Sadist
32%
Take a look around at the morning star, he's coming for me The Darkness Is Revealing
32%
So come give me the truth you hide, Feed the pain inside You'll Never Find Me
32%
The feeling is divine, This duality aligns Disconnect
29%
One day I must decide if I'm worth it, Gave it life and I realized it took it Forgotten
29%
We ride a dying star, Across a burning sea, We're like a supernova now, The fire's burning in me Mass Hysteria
29%
And one of these days, I'll come unbound, The feelings I hate, Will finally drown My Wall
29%
Sometimes I hate the life I made, Everything's wrong every time Narcissistic Cannibal
29%
Holding on to petty things, Feeling all the hate it brings Oildale (Leave Me Alone)
29%
Feeling things crawl on me, I need my fix today Pop a Pill
29%
Things keep ending up this way, Another notch is carved away Insane
26%
Birds are circling above, They're called back to a waiting glove Killing
26%
And I'm losing my grip, Always caught up in it, That the truth is all lies, It builds up inside Lost In The Grandeur
26%
And I never want to clarify, And justify, so I run and hide, And I never wanna signify, So I pacify all the hate inside Never Never
26%
Fake ass people surround me, Digging their claws right in me, Fear Is A Place To Live
24%
There's nothing like the sound of screaming, looping up all in my mind, Horrid pictures of the past invading my pineal high This Loss
24%
Let go, And I will truly be free. Just let go, Her mind is really the disease. Never Around
21%
Can't you see the pain in my eyes? Can't you see the betrayal in disguise? The Past
21%
Everyone's out to take your joy away, Constantly scheming to keep us at bay Way Too Far
21%
And I hate to say, It's been a waste of time, I hate to interrupt the flow Hushabye
18%
But there's always something fighting its way back in, But there's always something pushing me to give in Start The Healing
18%
I feel sympathy, My hurt on display, And I see it boiling up, So hard to disobey Hopeless And Beaten
15%
I'm down on my knees, The stress makes me bleed, It feels like they're all stabbing me! Move On
15%
Run away, diseased and torn, the depression's ecstasy, Have I been away so long that the devil's coming for me? Please Come For Me
15%
Polished you simmer when shined, But rotten and seething inside Ever Be
12%
I give and don't get, I try to my death, There's something inside of me, That makes me forget Punishment Time
9%
Feeling this hostility, I pray, Begging, make this evil go away Sanctuary
6%
I'm the one to give to you, I'm the one to break you through, Anything you ever do will, Eat you up and impale you Bleeding Out
3%
Bite your lip, don't be cursing, Mustn't take God's name in vain Do What they Say
3%
I'm awake, Been stuck in a place I really hate, And it's not fate, Everything's just fine Chaos Lives In Everything
0%
You can't see, I'm torn away from you, And everything that's close to me. I cannot face the truth Starting Over
0%
No matching quizzes found
Score Distribution
Percent of People with Each Score
Percentile by Number Answered
Your Score History
You have not taken this quiz